|
|
|
|
| LEADER |
00000nam a22000007a 4500 |
| 005 |
20140427224424.0 |
| 007 |
cr|||| |||| |
| 008 |
140427s2014 co |||||s|||| 00||0 spa d |
| 035 |
|
|
|a 12050
|
| 040 |
|
|
|a vLex
|
| 090 |
|
|
|c 4855
|d 4855
|
| 245 |
0 |
0 |
|a Guia de orientacin̤ en la aplicacin̤ por primera vez de las NIF...
|h [Recurso electrn̤ico] /
|
| 256 |
|
|
|a Servicio en ln̕ea
|
| 260 |
|
|
|a Bogot:̀
|b Superintendencia de Servicios Pb︢licos Domiciliarios,
|c 2014
|
| 300 |
|
|
|a 1 recurso electrn̤ico
|
| 506 |
1 |
|
|a Disponible solo en los productos indicados
|d vLex Global
|d vLex Global (Academic Edition, excluding Law Schools)
|d vLex Global (U.S. Academic Edition, Law Schools)
|d vLex Global (U.S. Academic Edition, excluding Law Schools)
|d vLex Global (Academic Edition, Law Schools)
|
| 650 |
0 |
4 |
|a Financiero
|z Colombia
|
| 740 |
0 |
|
|a vLex Libros (Servicio en ln̕ea)
|
| 856 |
4 |
0 |
|u http://vlex.com/source/guia-orientacion-aplicacion-primera-vez-nif-12050
|z Acceso restringido
|
| 942 |
|
|
|c BOOK
|
| 999 |
0 |
|
|a Financiero
|